| 000 | 01090cab a22002295a 4500 | ||
|---|---|---|---|
| 001 | L154966 | ||
| 008 | 120213e20120203xxk 000 0 eng d | ||
| 035 | _a(Sirsi) u154966 | ||
| 041 | 0 | _aeng | |
| 100 | 1 | _aStewart, Sarah | |
| 245 | 0 | 0 |
_aMarkets _bKent, Surrey and Sussex |
| 260 | _c2012 | ||
| 490 |
_aProperty Week _v78(05) 3 February 2012, 61-68(5) |
||
| 520 | _aSearch on behalf of Surrey County Council reveals there is currently no suitable vacant office space within the county boundary. Knight Frank reports that only 433 000 sq ft of new office space has been built in Surrey in the last five years. Looks at the likelihood of the "Thames Hub" aka "Boris Island", Foster & Partners' projected new airport in Kent, coming to fruition. Vestas Offshore, the Danish wind turbine manufacturer, has a planning application in for more than 6m sq ft of industrial space at the Port of Sheerness, Isle of Sheppey. | ||
| 590 | _aKA | ||
| 651 | 4 | _aKent | |
| 651 | 4 | _aSurrey | |
| 651 | 4 |
_aSussex _y1888- |
|
| 690 |
_aCommercial property _96227 |
||
| 700 | 1 | _aThomas, Huw | |
| 942 | _n0 | ||
| 999 |
_c83762 _d83762 |
||